[Event "Paignton Premier 46th"]
[Site "Paignton"]
[Date "1996.09.01"]
[Round "1.1"]
[White "Lane, Gary William"]
[Black "George, Ian M"]
[Result "1-0"]
[WhiteElo "2405"]
[BlackElo "2032"]
[PlyCount "61"]
[EventDate "1996.09.01"]
[EventType "swiss"]
[EventRounds "7"]
[EventCountry "ENG"]
[SourceTitle "BritBase"]
[Source "John Saunders"]
[SourceDate "2023.06.22"]
[SourceVersion "1"]
[SourceVersionDate "2023.06.22"]
[SourceQuality "1"]

1. e4 c5 2. Nf3 e6 3. d4 cxd4 4. Nxd4 Nf6 5. Nc3 Nc6 6. Ndb5 Bb4 7. a3 Bxc3+ 8.
Nxc3 d5 9. exd5 exd5 10. Bd3 O-O 11. O-O h6 12. h3 Re8 13. Re1 Be6 14. Qf3 Rc8
15. Bf4 a6 16. Rad1 b5 17. Bc1 Na5 18. Ne2 Ne4 19. Bxe4 dxe4 20. Qxe4 Qf6 21.
Nd4 Nc4 22. b3 Nd6 23. Qd3 Nf5 24. Nxe6 Rxe6 25. Rxe6 Qxe6 26. Bb2 Rc6 27. Kf1
Rd6 28. Qe2 Rxd1+ 29. Qxd1 Qe4 30. Qd8+ Kh7 31. Qd3 1-0

[Event "Paignton Premier 46th"]
[Site "Paignton"]
[Date "1996.09.01"]
[Round "1.2"]
[White "White, Mark W"]
[Black "Baker, Chris W"]
[Result "0-1"]
[WhiteElo "2048"]
[BlackElo "2370"]
[PlyCount "52"]
[EventDate "1996.09.01"]
[EventType "swiss"]
[EventRounds "7"]
[EventCountry "ENG"]
[SourceTitle "BritBase"]
[Source "John Saunders"]
[SourceDate "2023.06.22"]
[SourceVersion "1"]
[SourceVersionDate "2023.06.22"]
[SourceQuality "1"]

1. e4 d6 2. d4 Nf6 3. Nc3 g6 4. Bc4 Nc6 5. Nge2 Bg7 6. f3 O-O 7. Be3 a6 8. Qd2
b5 9. Bb3 e5 10. d5 Na5 11. h4 Rb8 12. g4 h5 13. g5 Nd7 14. Ng3 Nb6 15. Bxb6
cxb6 16. Rf1 Bd7 17. f4 exf4 18. Qxf4 Bg4 19. Nge2 Qe7 20. Nd1 Rbe8 21. Nf2 f5
22. Nxg4 fxg4 23. Qe3 Rxf1+ 24. Kxf1 Bxb2 25. Rb1 Ba3 26. Ng3 Rf8+ 0-1

[Event "Paignton Premier 46th"]
[Site "Paignton"]
[Date "1996.09.01"]
[Round "1.4"]
[White "Cock, John Crowle"]
[Black "Franklin, Michael J"]
[Result "1/2-1/2"]
[WhiteElo "2155"]
[BlackElo "2255"]
[PlyCount "110"]
[EventDate "1996.09.01"]
[EventType "swiss"]
[EventRounds "7"]
[EventCountry "ENG"]
[SourceTitle "BritBase"]
[Source "John Saunders"]
[SourceDate "2023.06.22"]
[SourceVersion "1"]
[SourceVersionDate "2023.06.22"]
[SourceQuality "1"]

1. e4 c5 2. Nf3 a6 3. d4 cxd4 4. Nxd4 Nf6 5. Nc3 e5 6. Nb3 Bb4 7. Bc4 Qc7 8.
Qd3 d6 9. Bd2 Nbd7 10. O-O-O Nb6 11. Nd5 Nbxd5 12. Bxd5 Nxd5 13. Qxd5 Be6 14.
Qd3 Bxd2+ 15. Rxd2 O-O-O 16. Rhd1 Kb8 17. Kb1 f6 18. Nc1 d5 19. Qb3 Rd6 20.
exd5 Rhd8 21. c4 Bf5+ 22. Ka1 Rc8 23. Qf3 Qxc4 24. Qxf5 Qxc1+ 25. Rxc1 Rxc1+
26. Qb1 Rxb1+ 27. Kxb1 Kc7 28. Kc2 Rb6 29. Kc3 Kd6 30. b4 a5 31. a3 axb4+ 32.
axb4 Ra6 33. Kc4 Ra1 34. h4 f5 35. g3 Rc1+ 36. Kb5 Rc7 37. Kb6 Rd7 38. Rc2 g6
39. b5 h6 40. Rc8 Kxd5 41. Rc7 Rd6+ 42. Kxb7 g5 43. hxg5 hxg5 44. b6 f4 45.
gxf4 gxf4 46. Ka7 e4 47. b7 Rd8 48. Re7 Kd4 49. b8=Q Rxb8 50. Kxb8 e3 51. f3
Kd3 52. Re4 Ke2 53. Rxf4 Kf2 54. Re4 Kxf3 55. Rxe3+ Kxe3 1/2-1/2

[Event "Paignton Premier 46th"]
[Site "Paignton"]
[Date "1996.09.01"]
[Round "1.6"]
[White "Kambites, Mark E"]
[Black "Cafferty, Bernard"]
[Result "0-1"]
[WhiteElo "2008"]
[BlackElo "2240"]
[PlyCount "102"]
[EventDate "1996.09.01"]
[EventType "swiss"]
[EventRounds "7"]
[EventCountry "ENG"]
[SourceTitle "BritBase"]
[Source "John Saunders"]
[SourceDate "2023.06.22"]
[SourceVersion "1"]
[SourceVersionDate "2023.06.22"]
[SourceQuality "1"]

1. f4 Nf6 2. Nf3 g6 3. b3 d5 4. e3 Bg7 5. Bb2 O-O 6. Be2 c5 7. O-O Nc6 8. Nc3
d4 9. exd4 cxd4 10. Nb5 Ne8 11. Bd3 a6 12. Na3 Nb4 13. Qe2 Nc7 14. Ne5 Ne6 15.
f5 Nxd3 16. Nxd3 Nc7 17. fxg6 hxg6 18. Nc4 Bf5 19. Rae1 Nd5 20. Nce5 f6 21.
Rxf5 gxf5 22. Ng6 e5 23. Nxf8 Kxf8 24. Nc5 Qd6 25. Nxb7 Qb4 26. Ba3 Qxa3 27.
Qc4 Nf4 28. Nc5 Re8 29. b4 a5 30. bxa5 Qxa5 31. c3 dxc3 32. dxc3 Qa8 33. Nd7+
Ke7 34. Qxf4 Qa7+ 35. Kh1 Qxd7 36. Qb4+ Qd6 37. Qb7+ Qd7 38. Qb4+ Kf7 39. c4
Bf8 40. c5 Qd5 41. Rc1 Rc8 42. Qh4 Rxc5 43. Qh7+ Bg7 44. Qh5+ Ke7 45. Rd1 Qe6
46. Qg6 Bf8 47. Qh7+ Ke8 48. h3 Bd6 49. Qh8+ Kd7 50. Rb1 e4 51. Qh7+ Qe7 {
Source: BC scoresheet} 0-1

[Event "Paignton Premier 46th"]
[Site "Paignton"]
[Date "1996.09.01"]
[Round "1.7"]
[White "Mordue, A Tyson"]
[Black "Page, Martin C"]
[Result "1-0"]
[WhiteElo "2240"]
[BlackElo "2008"]
[PlyCount "73"]
[EventDate "1996.09.01"]
[EventType "swiss"]
[EventRounds "7"]
[EventCountry "ENG"]
[SourceTitle "BritBase"]
[Source "John Saunders"]
[SourceDate "2023.06.22"]
[SourceVersion "1"]
[SourceVersionDate "2023.06.22"]
[SourceQuality "1"]

1. e4 e5 2. Nf3 Nc6 3. Bb5 a6 4. Ba4 Nf6 5. O-O Be7 6. Re1 b5 7. Bb3 O-O 8. d4
d6 9. c3 Bg4 10. Be3 Re8 11. Nbd2 Bf8 12. h3 Bh5 13. a4 Rb8 14. axb5 axb5 15.
d5 Ne7 16. g4 Bg6 17. Nh4 Nc8 18. Nxg6 hxg6 19. g5 Nd7 20. h4 Nc5 21. Bc2 Qd7
22. Qf3 Nb6 23. b4 Nca4 24. c4 bxc4 25. Nxc4 Rec8 26. Na5 Ra8 27. Nc6 Re8 28.
Bc1 Qc8 29. Bd1 Be7 30. Ra3 f5 31. gxf6 Bxf6 32. Qg3 Qd7 33. Qxg6 Qf7 34. h5
Rf8 35. Qxf7+ Rxf7 36. Re2 Rff8 37. Na5 1-0

[Event "Paignton Premier 46th"]
[Site "Paignton"]
[Date "1996.09.01"]
[Round "1.8"]
[White "Aston, Paul A"]
[Black "Hempson, Peter W"]
[Result "1-0"]
[WhiteElo "1984"]
[BlackElo "2235"]
[PlyCount "83"]
[EventDate "1996.09.01"]
[EventType "swiss"]
[EventRounds "7"]
[EventCountry "ENG"]
[SourceTitle "BritBase"]
[Source "John Saunders"]
[SourceDate "2023.06.22"]
[SourceVersion "1"]
[SourceVersionDate "2023.06.22"]
[SourceQuality "1"]

1. d4 e6 2. e4 d5 3. Be3 dxe4 4. f3 c5 5. c3 cxd4 6. cxd4 Nc6 7. Nc3 Bb4 8. a3
Ba5 9. Bb5 Bxc3+ 10. bxc3 Qa5 11. Qb3 Nf6 12. fxe4 Nxe4 13. Ne2 O-O 14. O-O Ne7
15. Bd3 Nf6 16. Qc2 Nf5 17. Bd2 Bd7 18. c4 Qc7 19. Bf4 Qd8 20. h3 Rc8 21. g4
Nh4 22. Bg5 Ng6 23. h4 b5 24. h5 bxc4 25. Be4 e5 26. hxg6 fxg6 27. Bxf6 gxf6
28. Bxg6 Qe7 29. Bf5 exd4 30. Nxd4 Rfe8 31. Rf2 Rc5 32. Rd1 h6 33. Qc3 Ba4 34.
Rdf1 Qe3 35. Qb4 Qxd4 36. Qxa4 Rce5 37. Qc2 Re2 38. Bh7+ Kh8 39. Qg6 R2e4 40.
Kh1 Rf8 41. Qxh6 Qe3 42. Qxf8+ 1-0

[Event "Paignton Premier 46th"]
[Site "Paignton"]
[Date "1996.09.01"]
[Round "1.9"]
[White "Mulligan, Stephen"]
[Black "Brusey, Alan W"]
[Result "1/2-1/2"]
[WhiteElo "2230"]
[BlackElo "1984"]
[PlyCount "80"]
[EventDate "1996.09.01"]
[EventType "swiss"]
[EventRounds "7"]
[EventCountry "ENG"]
[SourceTitle "BritBase"]
[Source "John Saunders"]
[SourceDate "2023.06.22"]
[SourceVersion "1"]
[SourceVersionDate "2023.06.22"]
[SourceQuality "1"]

1. d4 d5 2. c4 c6 3. Nf3 Nf6 4. Nc3 dxc4 5. a4 Bg4 6. e3 e5 7. Be2 exd4 8. exd4
Bb4 9. O-O O-O 10. Bg5 Nbd7 11. Bxc4 Qa5 12. Bxf6 Nxf6 13. h3 Bh5 14. Qd3 Rad8
15. Ne5 Rfe8 16. Qe3 Bd6 17. f4 Nd5 18. Qg3 Qb4 19. Qd3 Bxe5 20. fxe5 Bg6 21.
Qe2 Nxc3 22. bxc3 Qxc3 23. Qa2 Qxd4+ 24. Kh1 Qxe5 25. Bxf7+ Bxf7 26. Qxf7+ Kh8
27. Qxb7 c5 28. Rac1 Re7 29. Qb5 Rc7 30. Rfe1 Qh5 31. Rc4 h6 32. Rce4 Qf7 33.
Rc4 Rdc8 34. Rec1 Qf2 35. R4c2 Qf5 36. a5 Qd5 37. a6 Qc6 38. Qc4 Qb6 39. Rf1
Rc6 40. Ra2 Rf6 1/2-1/2

[Event "Paignton Premier 46th"]
[Site "Paignton"]
[Date "1996.09.01"]
[Round "1.10"]
[White "Lane, Peter CR"]
[Black "Peters, Stephen G"]
[Result "1-0"]
[WhiteElo "1992"]
[BlackElo "2215"]
[PlyCount "72"]
[EventDate "1996.09.01"]
[EventType "swiss"]
[EventRounds "7"]
[EventCountry "ENG"]
[SourceTitle "BritBase"]
[Source "John Saunders"]
[SourceDate "2023.06.22"]
[SourceVersion "1"]
[SourceVersionDate "2023.06.22"]
[SourceQuality "1"]

1. d4 Nf6 2. Nf3 g6 3. g3 Bg7 4. Bg2 O-O 5. O-O d5 6. c4 c6 7. Nc3 dxc4 8. e4
b5 9. e5 Nd5 10. a4 b4 11. Ne4 a5 12. Qe2 Ba6 13. Nc5 c3 14. Nxa6 Rxa6 15. Ng5
cxb2 16. Bxb2 h6 17. Ne4 Rb6 18. f4 Nc3 19. Nxc3 Qxd4+ 20. Qf2 Qxf2+ 21. Rxf2
bxc3 22. Bxc3 Ra6 23. Rd2 f6 24. Rad1 fxe5 25. Rd8 exf4 26. Bxg7 Kxg7 27. Rxf8
Kxf8 28. Rd8+ Kf7 29. Rxb8 fxg3 30. hxg3 Ke6 31. Bf1 Ra7 32. Rg8 g5 33. Rg6+
Kd7 34. Rxh6 Rb7 35. Bh3+ e6 36. Rh7+ Kc8 1-0

[Event "Paignton Premier 46th"]
[Site "Paignton"]
[Date "1996.09.01"]
[Round "1.12"]
[White "Gamble, Raymond J"]
[Black "Parr, David"]
[Result "1/2-1/2"]
[WhiteElo "1968"]
[BlackElo "2175"]
[PlyCount "45"]
[EventDate "1996.09.01"]
[EventType "swiss"]
[EventRounds "7"]
[EventCountry "ENG"]
[SourceTitle "BritBase"]
[Source "John Saunders"]
[SourceDate "2023.06.22"]
[SourceVersion "1"]
[SourceVersionDate "2023.06.22"]
[SourceQuality "1"]

1. d4 Nf6 2. Nf3 g6 3. Nbd2 d5 4. e3 Bg7 5. Bd3 O-O 6. O-O Nbd7 7. e4 dxe4 8.
Nxe4 Nxe4 9. Bxe4 c5 10. c3 cxd4 11. Nxd4 a6 12. Nb3 Qc7 13. f4 Nc5 14. Nxc5
Qxc5+ 15. Kh1 Rb8 16. Qe2 e6 17. Be3 Qc7 18. Rad1 b5 19. Qf2 Bb7 20. Bxb7 Rxb7
21. Bd4 Rd8 22. Bxg7 Kxg7 23. h3 1/2-1/2

[Event "Paignton Premier 46th"]
[Site "Paignton"]
[Date "1996.09.01"]
[Round "1.14"]
[White "Hodge, David J"]
[Black "Crickmore, Neil EG"]
[Result "0-1"]
[WhiteElo "1944"]
[BlackElo "2168"]
[PlyCount "56"]
[EventDate "1996.09.01"]
[EventType "swiss"]
[EventRounds "7"]
[EventCountry "ENG"]
[SourceTitle "BritBase"]
[Source "John Saunders"]
[SourceDate "2023.06.22"]
[SourceVersion "1"]
[SourceVersionDate "2023.06.22"]
[SourceQuality "1"]

1. e4 e6 2. d4 d5 3. Nd2 Nf6 4. e5 Nfd7 5. Bd3 c5 6. c3 Nc6 7. Ngf3 g6 8. O-O
Bg7 9. Re1 O-O 10. Nf1 cxd4 11. cxd4 Qb6 12. Kh1 f6 13. Bf4 fxe5 14. Bxe5 Ndxe5
15. dxe5 Qxf2 16. Ne3 Qxb2 17. Ng5 Qxe5 18. Nf5 Qf6 19. Nxg7 Qxg5 20. Nxe6 Bxe6
21. Rxe6 Nd4 22. Re1 Rf2 23. Rg1 Raf8 24. Qa4 Qe3 25. Qd7 Qxd3 26. Qxd5+ Kg7
27. Qe5+ Kh6 28. h4 Nf5 0-1

[Event "Paignton Premier 46th"]
[Site "Paignton"]
[Date "1996.09.01"]
[Round "1.16"]
[White "Richards, John E"]
[Black "Parr, Frank"]
[Result "0-1"]
[WhiteElo "1880"]
[BlackElo "2140"]
[PlyCount "62"]
[EventDate "1996.09.01"]
[EventType "swiss"]
[EventRounds "7"]
[EventCountry "ENG"]
[SourceTitle "BritBase"]
[Source "John Saunders"]
[SourceDate "2023.06.22"]
[SourceVersion "1"]
[SourceVersionDate "2023.06.22"]
[SourceQuality "1"]

1. e4 d6 2. d4 Nf6 3. Nc3 c6 4. Be3 g6 5. Qd2 Qa5 6. g3 Ng4 7. Bg2 Nxe3 8. Qxe3
Bg7 9. Nge2 O-O 10. O-O Nd7 11. a3 Qc7 12. Rad1 a6 13. f4 e5 14. fxe5 dxe5 15.
d5 Qb6 16. Qxb6 Nxb6 17. b3 Bd7 18. Nb1 cxd5 19. exd5 Bf5 20. c4 Bh6 21. Kh1
Nd7 22. b4 b6 23. Nbc3 Bc2 24. Ne4 Bxd1 25. Rxd1 f5 26. Bh3 Rfd8 27. Nd6 Bf8
28. c5 bxc5 29. bxc5 Nxc5 30. Nc4 Ne4 31. Rb1 Rab8 0-1

[Event "Paignton Premier 46th"]
[Site "Paignton"]
[Date "1996.09.01"]
[Round "1.17"]
[White "Leech, Aiden M"]
[Black "Jackson, David (Devon)"]
[Result "1-0"]
[WhiteElo "2105"]
[BlackElo "1808"]
[PlyCount "49"]
[EventDate "1996.09.01"]
[EventType "swiss"]
[EventRounds "7"]
[EventCountry "ENG"]
[SourceTitle "BritBase"]
[Source "John Saunders"]
[SourceDate "2023.06.22"]
[SourceVersion "1"]
[SourceVersionDate "2023.06.22"]
[SourceQuality "1"]

1. e4 c5 2. Nf3 d6 3. d4 cxd4 4. Nxd4 Nf6 5. Nc3 a6 6. Bg5 e6 7. f4 b5 8. e5
dxe5 9. fxe5 Qc7 10. exf6 Qe5+ 11. Be2 Qxg5 12. O-O Ra7 13. Nf3 Qe3+ 14. Kh1
Rd7 15. Qc1 Qxc1 16. Raxc1 Bb7 17. Ne5 Rd2 18. Bf3 Bxf3 19. Rxf3 g6 20. Rd3
Rxd3 21. Nxd3 Nd7 22. Ne4 Nb6 23. Ne5 Nc4 24. Nxc4 bxc4 25. Rd1 1-0

[Event "Paignton Premier 46th"]
[Site "Paignton"]
[Date "1996.09.01"]
[Round "1.19"]
[White "Jordan, John F"]
[Black "Wright, Andrew D"]
[Result "1-0"]
[WhiteElo "2090"]
[BlackElo "1560"]
[PlyCount "53"]
[EventDate "1996.09.01"]
[EventType "swiss"]
[EventRounds "7"]
[EventCountry "ENG"]
[SourceTitle "BritBase"]
[Source "John Saunders"]
[SourceDate "2023.06.22"]
[SourceVersion "1"]
[SourceVersionDate "2023.06.22"]
[SourceQuality "1"]

1. e4 c5 2. Nf3 d6 3. d4 cxd4 4. Nxd4 Nf6 5. Bc4 Nxe4 6. Qh5 e6 7. Bb5+ Ke7 8.
O-O Bd7 9. Bd3 Nc5 10. Nc3 Nxd3 11. cxd3 f6 12. Nd5+ exd5 13. Re1+ Be6 14. Nxe6
Qa5 15. Bd2 Qxd2 16. Nxf8+ Kd8 17. Qe8+ Kc7 18. Ne6+ Kb6 19. Qxh8 Qxd3 20. a4
a5 21. Qd8+ Ka7 22. Nc7 d4 23. Nxa8 Qb3 24. Qxa5+ Na6 25. Nc7 d3 26. Nb5+ Ka8
27. Re8# 1-0

[Event "Paignton Premier 46th"]
[Site "Paignton"]
[Date "1996.09.02"]
[Round "2.1"]
[White "Parr, Frank"]
[Black "Lane, Gary William"]
[Result "0-1"]
[WhiteElo "2140"]
[BlackElo "2405"]
[PlyCount "70"]
[EventDate "1996.09.01"]
[EventType "swiss"]
[EventRounds "7"]
[EventCountry "ENG"]
[SourceTitle "BritBase"]
[Source "John Saunders"]
[SourceDate "2023.06.22"]
[SourceVersion "1"]
[SourceVersionDate "2023.06.22"]
[SourceQuality "1"]

1. d4 Nf6 2. Bg5 e6 3. Nd2 h6 4. Bh4 c5 5. e3 Be7 6. c3 b6 7. f4 Bb7 8. Ngf3
cxd4 9. Nxd4 O-O 10. N2f3 Na6 11. Be2 Nc5 12. O-O Nce4 13. Nc2 Rc8 14. Nd2 Nxd2
15. Qxd2 Ne4 16. Bxe7 Nxd2 17. Bxd8 Nxf1 18. Bxb6 axb6 19. Kxf1 Bd5 20. Kf2 g5
21. g3 f6 22. Nb4 Be4 23. Bb5 Kf7 24. Rd1 d5 25. Be2 Kg6 26. Bb5 Rf7 27. Be2 h5
28. Bb5 g4 29. Be2 Rh7 30. Bd3 h4 31. Bxe4+ dxe4 32. gxh4 Rxh4 33. Kg2 Rch8 34.
Rh1 Rh3 35. Nc2 g3 0-1

[Event "Paignton Premier 46th"]
[Site "Paignton"]
[Date "1996.09.02"]
[Round "2.2"]
[White "Baker, Chris W"]
[Black "Leech, Aiden M"]
[Result "1-0"]
[WhiteElo "2370"]
[BlackElo "2105"]
[PlyCount "89"]
[EventDate "1996.09.01"]
[EventType "swiss"]
[EventRounds "7"]
[EventCountry "ENG"]
[SourceTitle "BritBase"]
[Source "John Saunders"]
[SourceDate "2023.06.22"]
[SourceVersion "1"]
[SourceVersionDate "2023.06.22"]
[SourceQuality "1"]

1. e4 c5 2. Nf3 d6 3. Bb5+ Nd7 4. c3 Ngf6 5. Qe2 a6 6. Ba4 Qc7 7. O-O c4 8. Bc2
Ne5 9. Nxe5 dxe5 10. b3 cxb3 11. Bxb3 e6 12. d4 Bd6 13. f4 exd4 14. cxd4 Bb4
15. Ba3 Bxa3 16. Nxa3 Qd6 17. Nc2 Qc6 18. d5 Qb6+ 19. Kh1 O-O 20. Rab1 exd5 21.
e5 Ne4 22. Bxd5 Nc3 23. Rxb6 Nxe2 24. Ne3 Nc3 25. Bb3 a5 26. f5 a4 27. Bc4 Ra5
28. Rc1 Ne4 29. Bd5 Nf2+ 30. Kg1 Nd3 31. Rc7 Nxe5 32. Rd6 b5 33. Re7 Nc4 34.
Nxc4 bxc4 35. Rxf7 Rxd5 36. Rxf8+ Kxf8 37. Rxd5 Kf7 38. Rc5 Ba6 39. Rc7+ Kf8
40. a3 Bb5 41. Kf2 h6 42. Ke3 Ba6 43. Kd4 Kg8 44. Ra7 Bb5 45. Kc5 1-0

[Event "Paignton Premier 46th"]
[Site "Paignton"]
[Date "1996.09.02"]
[Round "2.3"]
[White "Wismayer, Clive R"]
[Black "Mordue, A Tyson"]
[Result "0-1"]
[WhiteElo "2075"]
[BlackElo "2240"]
[PlyCount "70"]
[EventDate "1996.09.01"]
[EventType "swiss"]
[EventRounds "7"]
[EventCountry "ENG"]
[SourceTitle "BritBase"]
[Source "John Saunders"]
[SourceDate "2023.06.22"]
[SourceVersion "1"]
[SourceVersionDate "2023.06.22"]
[SourceQuality "1"]

1. e4 c5 2. Nf3 d6 3. d4 cxd4 4. Nxd4 Nf6 5. Nc3 a6 6. g3 Bg4 7. Qd3 Nbd7 8. h3
Nc5 9. Qe3 Bd7 10. Bg2 e5 11. Nde2 Be7 12. a4 b5 13. axb5 axb5 14. Rxa8 Qxa8
15. O-O Bc6 16. Nd5 Nxd5 17. exd5 Bxd5 18. Bxd5 Qxd5 19. Nc3 Qb7 20. Rd1 O-O
21. Qe2 Rb8 22. Nd5 Bf8 23. Be3 Ne6 24. Qg4 Kh8 25. h4 Ra8 26. Nb6 Ra6 27. Nd5
Ra4 28. b4 Nd4 29. Bxd4 Qxd5 30. Be3 Qc6 31. c3 Qxc3 32. Qd7 Kg8 33. Rxd6 Bxd6
34. Qe8+ Bf8 35. Bc5 Qa1+ 0-1

[Event "Paignton Premier 46th"]
[Site "Paignton"]
[Date "1996.09.02"]
[Round "2.4"]
[White "Cafferty, Bernard"]
[Black "Jordan, John F"]
[Result "1-0"]
[WhiteElo "2240"]
[BlackElo "2090"]
[PlyCount "91"]
[EventDate "1996.09.01"]
[EventType "swiss"]
[EventRounds "7"]
[EventCountry "ENG"]
[SourceTitle "BritBase"]
[Source "John Saunders"]
[SourceDate "2023.06.22"]
[SourceVersion "1"]
[SourceVersionDate "2023.06.22"]
[SourceQuality "1"]

1. Nf3 g6 2. c4 Bg7 3. Nc3 Nf6 4. e4 O-O 5. d4 d6 6. Be2 Na6 7. O-O c5 8. Re1
Bg4 9. d5 Nc7 10. h3 Bxf3 11. Bxf3 e5 12. Bg5 Qd7 13. Qd3 h6 14. Bd2 Nh7 15. a3
f5 16. b4 b6 17. Rab1 Ne8 18. a4 Nef6 19. bxc5 bxc5 20. Rb5 Ng5 21. Bxg5 hxg5
22. Reb1 Rf7 23. Bd1 fxe4 24. Nxe4 Nxe4 25. Qxe4 Qf5 26. Bf3 Raf8 27. R1b2 Qf4
28. Rc2 Kh7 29. Rb1 Rh8 30. Re2 Bf8 31. Qc2 Kg7 32. Bg4 Qd4 33. g3 Be7 34. Rd1
Rhf8 35. Rxd4 cxd4 36. Qe4 Bd8 37. Rb2 Bb6 38. Kg2 Kh6 39. f3 Rc7 40. Rc2 Rc5
41. Rc1 Rf7 42. h4 gxh4 43. Rh1 Rxc4 44. Be6 Rfc7 45. Qxh4+ Kg7 46. Qh8# {
Source: BC scoresheet} 1-0

[Event "Paignton Premier 46th"]
[Site "Paignton"]
[Date "1996.09.02"]
[Round "2.5"]
[White "Crickmore, Neil EG"]
[Black "Lane, Peter CR"]
[Result "1-0"]
[WhiteElo "2168"]
[BlackElo "1992"]
[PlyCount "51"]
[EventDate "1996.09.01"]
[EventType "swiss"]
[EventRounds "7"]
[EventCountry "ENG"]
[SourceTitle "BritBase"]
[Source "John Saunders"]
[SourceDate "2023.06.22"]
[SourceVersion "1"]
[SourceVersionDate "2023.06.22"]
[SourceQuality "1"]

1. d4 Nf6 2. c4 g6 3. Nc3 Bg7 4. e4 d6 5. f4 O-O 6. Nf3 c5 7. d5 e6 8. Be2 exd5
9. e5 Ne4 10. cxd5 Nxc3 11. bxc3 Nd7 12. e6 Bxc3+ 13. Bd2 Bxa1 14. Qxa1 fxe6
15. dxe6 Nb6 16. Ng5 Qf6 17. Bc3 Qe7 18. Bh8 h6 19. h4 Rxf4 20. g3 Rf8 (20...
Bxe6 $19) 21. h5 d5 22. hxg6 d4 23. Nf7 Rxf7 24. gxf7+ Kxh8 25. Qc1 Qxe6 26.
f8=Q+ 1-0

[Event "Paignton Premier 46th"]
[Site "Paignton"]
[Date "1996.09.02"]
[Round "2.6"]
[White "Phillips, Alan"]
[Black "Aston, Paul A"]
[Result "1-0"]
[WhiteElo "2150"]
[BlackElo "1984"]
[PlyCount "68"]
[EventDate "1996.09.01"]
[EventType "swiss"]
[EventRounds "7"]
[EventCountry "ENG"]
[SourceTitle "BritBase"]
[Source "John Saunders"]
[SourceDate "2023.06.22"]
[SourceVersion "1"]
[SourceVersionDate "2023.06.22"]
[SourceQuality "1"]

1. e4 c5 2. Nf3 d6 3. g3 Bg4 4. h3 Bd7 5. Bg2 Qc8 6. Nc3 g6 7. e5 Bg7 8. exd6
exd6 9. Qe2+ Ne7 10. O-O Nbc6 11. Nd5 Kf8 12. Nf4 Bf6 13. d3 h5 14. h4 Bg4 15.
Qd2 Qd7 16. Nh2 Bf5 17. c3 Re8 18. Qd1 Kg7 19. Be3 Ne5 20. Re1 Ng4 21. Nxg4
Bxg4 22. Qb3 b6 23. d4 Nf5 24. Nd5 Bxh4 25. gxh4 Nxh4 26. c4 Nf3+ 27. Bxf3 Bxf3
28. Bh6+ Rxh6 29. Qxf3 f5 30. dxc5 g5 31. Qc3+ Kf7 32. Rxe8 Kxe8 33. Re1+ Kd8
34. Re7 Qc8 1-0

[Event "Paignton Premier 46th"]
[Site "Paignton"]
[Date "1996.09.02"]
[Round "2.7"]
[White "Wheeler, John Francis"]
[Black "McKenna, Jason P"]
[Result "0-1"]
[WhiteElo "2112"]
[BlackElo "2125"]
[PlyCount "91"]
[EventDate "1996.09.01"]
[EventType "swiss"]
[EventRounds "7"]
[EventCountry "ENG"]
[SourceTitle "BritBase"]
[Source "John Saunders"]
[SourceDate "2023.06.22"]
[SourceVersion "1"]
[SourceVersionDate "2023.06.22"]
[SourceQuality "1"]

1. d4 Nf6 2. c4 e6 3. Nf3 b6 4. Nc3 Bb7 5. Bg5 Bb4 6. e3 h6 7. Bh4 g5 8. Bg3
Ne4 9. Qc2 Bxc3+ 10. bxc3 Nxg3 11. hxg3 f5 12. d5 Qf6 13. O-O-O Na6 14. Nd4 O-O
15. f4 Nc5 16. Bd3 Rae8 17. Rhe1 Nxd3+ 18. Qxd3 exd5 19. cxd5 Bxd5 20. fxg5
hxg5 21. Nb5 Be4 22. Qxd7 a6 23. Nd4 c5 24. Ne2 Rd8 25. Qc7 Bxg2 26. Rxd8 Rxd8
27. Rd1 Rxd1+ 28. Kxd1 Bf3 29. Kd2 Qe6 30. c4 Bxe2 31. Qd8+ Kf7 32. Kxe2 Qxc4+
33. Kd1 Qf1+ 34. Kc2 Qe2+ 35. Kb1 Qxe3 36. Qd7+ Kg6 37. Qc6+ Kh5 38. Qxb6 Qe1+
39. Kc2 Qe2+ 40. Kc1 Qc4+ 41. Kd1 Qd3+ 42. Kc1 Qc3+ 43. Kd1 Qa1+ 44. Ke2 Qxa2+
45. Kf3 Qd5+ 46. Kf2 0-1

[Event "Paignton Premier 46th"]
[Site "Paignton"]
[Date "1996.09.02"]
[Round "2.8"]
[White "Mercs, Peter J"]
[Black "Mack, Andrew L"]
[Result "0-1"]
[WhiteElo "1984"]
[BlackElo "2270"]
[PlyCount "116"]
[EventDate "1996.09.01"]
[EventType "swiss"]
[EventRounds "7"]
[EventCountry "ENG"]
[SourceTitle "BritBase"]
[Source "John Saunders"]
[SourceDate "2023.06.22"]
[SourceVersion "1"]
[SourceVersionDate "2023.06.22"]
[SourceQuality "1"]

1. e4 e6 2. d4 d5 3. e5 c5 4. c3 Nc6 5. Nf3 Qb6 6. Be2 cxd4 7. cxd4 Nh6 8. Nc3
Nf5 9. Na4 Qa5+ 10. Bd2 Bb4 11. Bc3 O-O 12. a3 Bxc3+ 13. Nxc3 f6 14. Bb5 Bd7
15. Bxc6 Bxc6 16. O-O Rac8 17. Re1 Bd7 18. Qd2 Qb6 19. g4 Nh6 20. h3 Rc4 21.
Rad1 Nf7 22. exf6 gxf6 23. g5 Qd8 24. Kh1 Nxg5 25. Rg1 Kh8 26. Nxg5 fxg5 27.
Qxg5 Qxg5 28. Rxg5 Rxf2 29. Rdg1 Rc8 30. Rg7 Bc6 31. b4 Rf3 32. R7g3 Rxg3 33.
Rxg3 Be8 34. Re3 Bg6 35. Kg2 Rc4 36. Nb5 Be4+ 37. Kg3 Kg7 38. Nxa7 Rxd4 39. Nb5
Rd3 40. Kf2 Rxe3 41. Kxe3 Kf6 42. a4 Bg2 43. a5 e5 44. Kf2 Bxh3 45. Nd6 Ke6 46.
Nxb7 Kd7 47. b5 Kc7 48. Nc5 Bf5 49. b6+ (49. Na6+ $5) 49... Kc6 50. b7 Kc7 51.
a6 Kb8 52. Ke2 h5 53. Kf2 h4 54. Kf3 h3 55. Kg3 d4 56. Kh2 d3 57. Nb3 e4 58.
Nd4 Bd7 0-1